000 00447nam a2200169Ia 4500
005 20250326130455.0
008 250326s9999 xx 000 0 und d
037 _aTextbook
040 _aFMSL
_beng
_cFMSL
041 _aeng
_2eng
084 _aX9s Q2
_qFMSL
100 _aFeser C
_9740665
245 0 _aFirms that change the world serial innovators
_cFeser C
260 _c2012
942 _cTB
_hX9s Q2
999 _c1282659
_d1282659